LEADER 01441nam 2200421 450 001 000004491 005 20050718115100.0 010 $a88-386-0717-6 100 $a20001204d1995----km-y0itay0103----ba 101 0 $aita 102 $aIT 200 1 $aAnalisi numerica$emetodi, modelli, applicazioni$fValeriano Comincioli 205 $a2. ed. 210 $aMilano ... [etc.]$cMcGraw-Hill$d1995 215 $aXV, 765 p.$d24 cm. 225 1 $aCollana di istruzione scientifica$iserie di matematica 606 $aCalcolo numerico 676 $a519.4$v(20. ed.)$9Analisi numerica applicata 700 1$aComincioli,$bValeriano$07514 801 0$aIT$bUniversità della Basilicata - B.I.A.$gRICA$2unimarc 912 $a000004491 996 $aAnalisi numerica$951591 997 $aUNIBAS BAS $aMONING BAS $aMONOGR BAS $aINGEGNERIA CAT $aTORRE$b20$c20000523$lBAS01$h1209 CAT $aTORRE$b20$c20000525$lBAS01$h1532 CAT $c20000920$lBAS01$h1832 CAT $c20001010$lBAS01$h1635 CAT $aTORRE$b20$c20001204$lBAS01$h1325 CAT $c20050601$lBAS01$h1753 CAT $abatch$b01$c20050718$lBAS01$h1048 CAT $c20050718$lBAS01$h1107 CAT $c20050718$lBAS01$h1137 CAT $c20050718$lBAS01$h1151 FMT Z30 -1$lBAS01$LBAS01$mBOOK$1BASA2$APolo Tecnico-Scientifico$2DID$BDidattica$3PTS.s1.p18.17$9ING/90836$690836$5I90836$820000523$f04$FPrestabile Didattica LEADER 01788nam0 22003251i 450 001 990005570010403321 005 20241015095629.0 035 $a000557001 100 $a19990530d1964----km-y0itay50------ba 101 0 $aeng 105 $ay-------001yy 200 1 $a<>palace of Minos at Knossos$ea comparative account of the successive stages of the early Cretan civilization as illustrated by the discoveries$fby Sir Arthur Evans 210 $aNew York City$cBiblo and Tannen$d1964 215 $av.$d27 cm 327 01$a1.: The neolithic and early and middle minoan ages$a2.: The>> great transitional age northern and eastern sections of the palace$a2.1. Fresh lights on origins and external relations$a2.2. Town-Houses in Knossos of the New Era and restored west palace section, with its state approach$a4.1.: Emergence of outer western enceinte, with new illustrations, artistic and religious, of the middle minoan phase$a4.2. "Camp Stool" Fresco-Long-Robed priests and beneficient genii ; chriselephantine Boy-God and ritual hair-offering ; intaglio types, M.M. III-L.M. II ; late hoards of sealings ; deposit of inscribed tablets and the palace stores$asupp. Index to the palace of Minos 676 $a913.3918 700 1$aEvans,$bArthur$0209296 801 0$aIT$bUNINA$gRICA$2UNIMARC 901 $aBK 912 $a990005570010403321 952 $aARCH. G 098 4$bARCH. 12500$fFLFBC 952 $aARCH. G 098 4 b$bARCH. 12500$fFLFBC 952 $aARCH. G 098 4 e$bARCH. 12500$fFLFBC 952 $aARCH. G 098 4 f$bARCH. 12500$fFLFBC 952 $aARCH. G 098 4 d$bARCH. 12500$fFLFBC 952 $aARCH. G 098 4 c$bARCH. 12500$fFLFBC 952 $aARCH. G 098 4 a$bARCH. 12500$fFLFBC 959 $aFLFBC 996 $aPalace of Minos at Knossos$9607233 997 $aUNINA